Honkai Star Rail characters with pictures (V4.2) - Statistics

General Stats
  • This quiz has been taken 16,403 times
    16 since last reset
  • The average score is 77 of 83
Answer Stats
Picture Answer % Correct
Acheron
100%
Anaxa
100%
Archer
100%
Argenti
100%
Asta
100%
Aventurine
100%
Bailu
100%
Black Swan
100%
Blade
100%
Boothill
100%
Bronya
100%
Caelus
100%
Castorice
100%
Cipher
100%
Clara
100%
Cyrene
100%
Dan Heng
100%
Dan Heng - Imbibitor Lunae
100%
Dan Heng - Permansor Terrae
100%
Dr. Ratio
100%
Evernight
100%
Firefly
100%
Fu Xuan
100%
Gallagher
100%
Gepard
100%
Herta
100%
Himeko
100%
Hook
100%
Huohuo
100%
Jingliu
100%
Kafka
100%
Luocha
100%
March 7th
100%
March 7th - Hunt
100%
The Herta
100%
Aglaea
92%
Arlan
92%
Ashveil
92%
Feixiao
92%
Hanya
92%
Jade
92%
Jing Yuan
92%
Lingsha
92%
Lynx
92%
Moze
92%
Mydei
92%
Phainon
92%
Robin
92%
Sampo
92%
Seele
92%
Serval
92%
Silver Wolf
92%
Silver Wolf - Level 999
92%
Sparkle
92%
Sparxie
92%
Stelle
92%
Sunday
92%
Topaz and Numby
92%
Tribbie
92%
Welt
92%
Cerydra
85%
Evanescia
85%
Fugue
85%
Guinaifen
85%
Hyacine
85%
Hysilens
85%
Luka
85%
Misha
85%
Pela
85%
Ruan Mei
85%
Saber
85%
The Dahlia
85%
Yao Guang
85%
Yukong
85%
Natasha
77%
Rappa
77%
Sushang
77%
Tingyun
77%
Yanqing
77%
Yunli
77%
Jiaoqiu
69%
Qingque
69%
Xueyi
69%
No matching quizzes found
Score Distribution
Percent of People with Each Score
Percentile by Number Answered
Your Score History
You have not taken this quiz since the last reset